Представление документа в формате RUSMARC

ПолеНазваниеЗначение
  Тип записи a
  Библиографический уровень m
001 Контрольный номер UONB/MAIN/81081780c2d64517b8ef69e72785f588
005 Дата корректировки 20250428170634.0
010 Индекс ISBN __
b Уточнения в пер.
a ISBN 978-5-6050113-0-9
9 Тираж 300 экз.
100 Данные общей обработки __
a Данные общей обработки 20241217 2023 u y0rusy0189 ca
101 Язык документа 0_
a Язык текста rus
102 Страна публикации __
a Страна публикации RU
105 Кодированные данные (монография) __
a Кодированные данные (монография) a z 001yy
200 Заглавие и сведения об ответственности 1_
a Заглавие Ч. 2
210 Выходные данные 1_
d Дата издания 2023
215 Физическое описание __
a Объем 252 с.
c Иллюстрации/тип воспроизводства ил., граф.
320 Библиография __
a Библиография Библиогр.: с. 229-251 и в конце гл.
461 Уровень набора _0
1 700 1
a Тафаев
b Г. И.
g Геннадий Ильич
1 2001
a Этнопсихологическая трансформация чувашского народа
f Г.И. Тафаев
v Ч. 2
1 2101
a Чебоксары
c Перфектум
d 2023
1 001UONB/MAIN/6f6531a2c94340bc81e36aa06e0c51c2
1 203
a Текст
b визуальный
c непосредственный
1 215
d 21 см
517 Другие варианты заглавия 1_
a Другие варианты заглавия Этнопсихологическая трансформация чувашского R-язычного народа
606 Тематические рубрики 0_
a Основная рубрика Чуваши
x Основная подрубрика Этнопсихология
610 Ключевые слова 0_
a Ключевые слова этнопсихологическая трансформация чувашского народа
a Ключевые слова этнопсихологическая трансформация народов Среднего Поволжья
a Ключевые слова этническая психология
a Ключевые слова этнопсихологические особенности чувашского народа
a Ключевые слова этнопсихологические особенности народов Среднего Поволжья в 21 в.
a Ключевые слова этнопсихология семейных отношений в Чувашской Республике
a Ключевые слова межэтнические взаимодействия в Чувашской Республике
a Ключевые слова этнопсихология чувашской нации
686 Индексы других классификаций __
2 Код системы rubbk
a Классификационный индекс 88.58(=635)
801 Источник записи _0
a Страна RU
b Организация Ульяновская ОНБ
c Дата составления 20241217
g Правила каталогизации RCR
801 Источник записи _1
a Страна RU
b Организация Ульяновская ОНБ
c Дата составления 20241217
g Правила каталогизации RCR
900 Электронные ресурсы __
a Имя электронного ресурса 4324ц0405
900 Электронные ресурсы __
a Имя электронного ресурса 4324ц0406
901 Тип документа __
t Тип документа n
w Контрольный № источника UONB/MAIN/6f6531a2c94340bc81e36aa06e0c51c2
909 Создатель записи __
a Создатель записи Егорова Э. А.
b Дата создания записи 20241217
910 Корректоры записи __
a Корректор записи Пряхина
b Дата внесения изменения в запись 20250428